Выбор оптимальной технологии изготовления изделий машиностроения: монография

Detalles Bibliográficos
Autor Principal: Петрушин С. И. Сергей Иванович
Autor Corporativo: Национальный исследовательский Томский политехнический университет (ТПУ) Юргинский технологический институт (филиал) (ЮТИ) Кафедра технологии машиностроения (ТМС)
Summary:Заглавие с титульного экрана
Режим доступа: из корпоративной сети ТПУ
Idioma:ruso
Publicado: Томск, Изд-во ТПУ, 2013
Subjects:
Acceso en liña:http://www.lib.tpu.ru/fulltext2/m/2013/m198.pdf
Formato: Electrónico Libro
KOHA link:https://koha.lib.tpu.ru/cgi-bin/koha/opac-detail.pl?biblionumber=240870

MARC

LEADER 00000nlm0a2200000 4500
001 240870
005 20231101231755.0
035 |a (RuTPU)RU\TPU\book\262131 
035 |a RU\TPU\book\262129 
090 |a 240870 
100 |a 20130626d2013 k y0rusy50 ca 
101 0 |a rus 
102 |a RU 
105 |a a z 001zy 
135 |a drcn ---uucaa 
181 0 |a i  
182 0 |a b 
200 1 |a Выбор оптимальной технологии изготовления изделий машиностроения  |b Электронный ресурс  |e монография  |f С. И. Петрушин  |g Национальный исследовательский Томский политехнический университет (ТПУ), Юргинский технологический институт (филиал) (ЮТИ), Кафедра технологии машиностроения (ТМС) 
203 |a Текст  |c электронный 
210 |a Томск  |c Изд-во ТПУ  |d 2013 
230 |a 1 компьютерный файл (pdf; 1.8 MB) 
300 |a Заглавие с титульного экрана 
333 |a Режим доступа: из корпоративной сети ТПУ 
337 |a Adobe Reader 
606 1 |a Машиностроительная продукция  |2 stltpush  |3 (RuTPU)RU\TPU\subj\41509  |9 61299 
610 1 |a электронный ресурс 
610 1 |a труды учёных ТПУ 
610 1 |a монографии 
610 1 |a технологические процессы 
610 1 |a проектирование 
610 1 |a данные 
610 1 |a методологии 
610 1 |a выбор 
610 1 |a технологии 
610 1 |a укрупненные нормы 
610 1 |a нормирование 
610 1 |a механическая обработка 
610 1 |a расчеты 
610 1 |a затраты 
610 1 |a экономическая эффективность 
610 1 |a экономические показатели 
610 1 |a анализ 
610 1 |a информация 
675 |a 621.002  |v 3 
700 1 |a Петрушин  |b С. И.  |c специалист в области машиностроения  |c профессор Томского политехнического университета, доктор технических наук  |f 1949-  |g Сергей Иванович  |2 stltpush  |3 (RuTPU)RU\TPU\pers\24235 
712 0 2 |a Национальный исследовательский Томский политехнический университет (ТПУ)  |b Юргинский технологический институт (филиал) (ЮТИ)  |b Кафедра технологии машиностроения (ТМС)  |h 356  |2 stltpush  |3 (RuTPU)RU\TPU\col\18902 
801 1 |a RU  |b 63413507  |c 20130626 
801 2 |a RU  |b 63413507  |c 20140911  |g RCR 
856 4 |u http://www.lib.tpu.ru/fulltext2/m/2013/m198.pdf 
942 |c CF